|
|
|
|
| LEADER |
01898nam a2200289 a 4500 |
| 001 |
GR-MES13141 |
| 008 |
070919s1985 gr 000 0 gre d |
| 040 |
|
|
|a GrPaTEI
|b gre
|c GR-PaULI
|
| 040 |
|
|
|a GrPaTEI
|b gre
|c GR-PaULI
|
| 082 |
|
0 |
|a 301.01
|2 21
|
| 100 |
1 |
|
|a Mills, C. Wright
|
| 245 |
1 |
2 |
|a Η κοινωνιολογική φαντασία /
|c C. Wright Mills ; μετάφραση: Ν. Μακρυνικόλα, Σ.Τσακνιάς ; επιμέλεια: Γ. Η. Χάρης.
|
| 260 |
|
|
|a Αθήνα :
|b Παπαζήσης,
|c 1985
|
| 300 |
|
|
|a 307σ. ;
|c 21εκ.
|
| 500 |
|
|
|a Τίτλος πρωτοτύπου: The sociological Imagination
|
| 650 |
|
4 |
|a Κοινωνικές επιστήμες
|
| 650 |
|
4 |
|a Κοινωνιολογία
|
| 700 |
1 |
|
|a Μακρυνικόλα, Ν.
|
| 700 |
1 |
|
|a Τσακνιάς, Σ.
|
| 700 |
1 |
|
|a Χάρης, Γ.Η.
|
| 942 |
|
|
|2 ddc
|
| 952 |
|
|
|0 0
|1 0
|2 ddc
|4 0
|6 301_010000000000000_MIL
|7 0
|9 271648
|a MSLG
|b MSLG
|c BSC
|d 2021-01-17
|e 24
|f 0
|g 0.00
|l 0
|o 301.01 MIL
|p 2420000022517
|r 2021-01-17 00:00:00
|t 1
|w 2021-01-17
|y BK15
|x 20070919 0 ΓΑΒΡΙΝΑ 1
|x GrPaTEI
|
| 952 |
|
|
|0 0
|1 0
|2 ddc
|4 0
|6 301_010000000000000_MIL
|7 0
|9 271649
|a MSLG
|b MSLG
|c BSC
|d 2021-01-17
|e 24
|f 0
|g 0.00
|l 0
|o 301.01 MIL
|p 2420000023768
|r 2021-01-17 00:00:00
|t 1
|w 2021-01-17
|y BK15
|x 20090506 0 ΓΑΒΡΙΝΑ 1
|x GrPaTEI
|
| 952 |
|
|
|0 0
|1 0
|2 ddc
|4 0
|6 301_010000000000000_MIL
|7 0
|9 271650
|a MSLG
|b MSLG
|c BSC
|d 2021-01-17
|e 24
|f 0
|g 0.00
|l 0
|o 301.01 MIL
|p 2420000023769
|r 2021-01-17 00:00:00
|t 1
|w 2021-01-17
|y BK15
|x 20090506 0 ΓΑΒΡΙΝΑ 1
|x GrPaTEI
|
| 952 |
|
|
|0 0
|1 0
|2 ddc
|4 0
|6 301_010000000000000_MIL
|7 0
|9 271651
|a MSLG
|b MSLG
|c BSC
|d 2021-01-17
|e 24
|f 0
|g 0.00
|l 0
|o 301.01 MIL
|p 2420000022494
|r 2021-01-17 00:00:00
|t 1
|w 2021-01-17
|y BK15
|x BAΣΙΛΕΙΑΔΗΣ ΒΑΣΙΛΕΙΟΣ ΕΡΓΑΣΤΗΡΙΟ ΚΟΙΝΩΝΙΚΗΣ ΠΛΗΡΟΦΟΡΙΚΗΣ ΤΜ ΔΕΜΕΣ
|x 20071009 0 1
|x GrPaTEI
|
| 971 |
|
|
|a .b25791898
|b 16-04-20
|c 13-09-16
|
| 999 |
|
|
|c 156950
|d 156950
|